| 000 | 00456nam a2200205Ia 4500 | ||
|---|---|---|---|
| 001 | 11922 | ||
| 003 | GE_BSU | ||
| 008 | 181216s||||||||xx |||||||||||||| ||und|| | ||
| 020 | _a9780006493129 | ||
| 040 | _cGE_BSU | ||
| 080 | _a821.111-312.4 | ||
| 100 | _aPatterson,James | ||
| 245 | _aJack and Jill. | ||
| 260 | _aLondon | ||
| 260 | _bHarper Collins publishers. | ||
| 260 | _c1996. | ||
| 300 | _a432p;18cm. | ||
| 653 | _aJack and Jill. | ||
| 942 | _cBK | ||
| 999 |
_c45099 _d45099 |
||